[Event "AUTO-INT-1274"]
[Site "http://www.queenalice.com/game.php?id=652672"]
[Date "2009.9.15"]
[Round "2"]
[White "jonamendall"]
[Black "claudiocaire"]
[Result "1-0"]
[WhiteElo "1822"]
[BlackElo "1634"]

1. e4 e5 2. Nf3 d6 3. Bc4 Be6 4. Bxe6 fxe6 5. d4 exd4 6. Nxd4 Qh4 7. Qf3 d5 8.
Nxe6 Nd7 9. Bg5 Ne5 10. Qxf8+ Kd7 11. Qxg7+ Kxe6 12. Bxh4 Ng6 13. exd5+ Kxd5 14.
Nc3+ Kc6 15. O-O-O h5 16. Qxg6+ Kc5 17. Rd5+ Kc4 18. Qd3+ Kb4 19. Qd4# 1-0

[Event "AUTO-INT-1274"]
[Site "http://www.queenalice.com/game.php?id=652674"]
[Date "2009.9.15"]
[Round "2"]
[White "jonamendall"]
[Black "EdsonEstevam"]
[Result "1-0"]
[WhiteElo "1830"]
[BlackElo "1857"]

1. e4 e5 2. Nf3 Nc6 3. Bb5 Nf6 4. O-O Nxe4 5. Re1 f5 6. d3 Nd6 7. Bxc6 bxc6 8.
Nxe5 Be7 9. Qh5+ Kf8 10. Ng6+ Kg8 11. Nxe7+ Kf8 12. Ng6+ Kg8 13. Nxh8 Kxh8 14.
Bg5 Qg8 15. Bf4 Bb7 16. Bxd6 cxd6 17. Nc3 Rf8 18. Re7 f4 19. Ne4 c5 20. Ng5 Bd5
21. Rxd7 h6 22. Rxd6 Bf7 23. Rxh6+ gxh6 24. Qxh6+ Qh7 25. Qxh7# 1-0

[Event "AUTO-INT-1274"]
[Site "http://www.queenalice.com/game.php?id=652675"]
[Date "2009.9.15"]
[Round "2"]
[White "EdsonEstevam"]
[Black "jonamendall"]
[Result "0-1"]
[WhiteElo "1853"]
[BlackElo "1847"]

1. e4 e5 2. Bb5 c6 3. Ba4 Nf6 4. Nc3 d5 5. exd5 Nxd5 6. Nge2 Bc5 7. d3 Bg4 8. a3
Nxc3 9. bxc3 O-O 10. h3 Bh5 11. Qd2 Nd7 12. Ng3 Bg6 13. O-O Nf6 14. Qe2 Re8 15.
Bg5 h6 16. Bh4 Qd6 17. Bxf6 Qxf6 18. Rab1 b5 19. Bb3 Bxa3 20. Qd2 Bc5 21. Ne4
Bxe4 22. dxe4 Rad8 23. Qe2 a5 24. c4 b4 25. Ba4 Bd4 26. Rb3 c5 27. Bxe8 Rxe8 28.
Rf3 Qe6 29. Kh2 a4 30. Qd1 a3 31. Qb1 Qxc4 32. Rf5 a2 33. f4 axb1=Q 34. Rxb1
exf4 35. Rxf4 Be5 36. Kg3 Qxe4 37. Kf2 Qxf4+ 38. Kg1 Qh2+ 39. Kf2 Bd4+ 40. Kf3
Re3+ 41. Kf2 Qf4+ 42. Kg1 Re1# 0-1

[Event "AUTO-INT-1274"]
[Site "http://www.queenalice.com/game.php?id=652676"]
[Date "2009.9.15"]
[Round "2"]
[White "jonamendall"]
[Black "PedroNRF"]
[Result "1-0"]
[WhiteElo "1953"]
[BlackElo "1853"]

1. e4 e5 2. Nf3 Qf6 3. Nc3 Bc5 4. Nd5 Qd6 5. d4 exd4 6. Nxd4 Bb6 7. Nf5 Qe5 8.
Bd3 d6 9. Rb1 Kd8 10. Bf4 Qe6 11. Qg4 g6 12. Qg5+ f6 13. Qg3 gxf5 14. Qg7 fxe4
15. Bc4 Bd7 16. Nxb6 Qf5 17. Nxa8 Qxf4 18. O-O Qg5 19. Qxh8 d5 20. h4 Qg6 21.
Bxd5 Nc6 22. Qxg8+ Qxg8 23. Bxg8 Nd4 24. Rbd1 Ne2+ 25. Kh2 Kc8 26. Rfe1 Bg4 27.
Be6+ Bxe6 28. Rxe2 Bg4 29. f3 Bf5 30. Red2 b6 31. g4 Be6 32. Rd8+ Kb7 33. Re8
Bxa2 34. Rd7 exf3 35. Rxc7+ Ka6 36. Rf8 Bd5 37. Nxb6 Kxb6 38. Rxh7 1-0

[Event "AUTO-INT-1274"]
[Site "http://www.queenalice.com/game.php?id=652677"]
[Date "2009.9.15"]
[Round "2"]
[White "PedroNRF"]
[Black "jonamendall"]
[Result "0-1"]
[WhiteElo "1782"]
[BlackElo "1965"]

1. d4 d5 2. Bf4 e6 3. e3 Bd6 4. Qg4 Qf6 5. Bd3 Nh6 6. Bxh6 Qxh6 7. Nh3 Nd7 8.
Bb5 c6 9. Bd3 Nf6 10. Qf3 O-O 11. Nc3 e5 12. Qd1 e4 13. Be2 b5 14. f4 exf3 15.
Bxf3 Qxe3+ 16. Ne2 Bxh3 17. Qd3 Qxd3 18. cxd3 Bg4 19. h3 Bxf3 20. gxf3 Nh5 21.
Rg1 Nf4 22. Nc1 Rfe8+ 23. Kd2 Nxh3 24. Rf1 Re6 25. a3 Rae8 26. Ra2 Bf4+ 27. Kc3
Bxc1 28. Rxc1 Re3 29. Rf1 Nf4 30. Rd1 Rxf3 31. a4 Ne2+ 32. Kb4 Nxd4 33. axb5
Nxb5 34. b3 Rf4+ 35. Kc5 Nc3 36. Kxc6 Nxa2 37. Kd7 Kf8 38. Ra1 Rf6 39. Rxa2 Re7+
40. Kc8 Ke8 41. Ra5 Rd6 42. Rxa7 Rd8# 0-1

[Event "AUTO-OPEN-1719"]
[Site "http://www.queenalice.com/game.php?id=665718"]
[Date "2009.10.11"]
[Round "1"]
[White "CSilva"]
[Black "jonamendall"]
[Result "0-1"]
[WhiteElo "1756"]
[BlackElo "1895"]

1. e4 e5 2. Nf3 Nc6 3. d4 d6 4. dxe5 Qe7 5. exd6 Qxe4+ 6. Qe2 Qxe2+ 7. Bxe2 Bxd6
8. O-O Nge7 9. Re1 Be6 10. Nc3 Bf5 11. Be3 O-O 12. Bd3 Bxd3 13. cxd3 Nb4 14.
Rac1 Nxd3 15. b3 Nxc1 16. Bxc1 a6 17. Bb2 Rfe8 18. Ne4 Bb4 19. Rd1 Rad8 20. Rxd8
Rxd8 21. g3 f6 22. Kg2 Ng6 23. a3 Be7 24. b4 b6 25. h4 c5 26. bxc5 bxc5 27. Nc3
Rd3 28. Ne4 Rb3 29. Bc1 Rb1 30. Be3 c4 31. Bc5 Bxc5 32. Nxc5 a5 33. a4 c3 34.
Nd4 Ne5 35. Ncb3 Nc4 36. Kf3 Nd2+ 0-1

[Event "AUTO-OPEN-1719"]
[Site "http://www.queenalice.com/game.php?id=665719"]
[Date "2009.10.11"]
[Round "1"]
[White "jonamendall"]
[Black "CSilva"]
[Result "1-0"]
[WhiteElo "1921"]
[BlackElo "1769"]

1. e4 c5 2. Nf3 d6 3. d4 cxd4 4. Nxd4 Nc6 5. c4 Nf6 6. Nc3 e5 7. Nc2 Be7 8. Bd3
O-O 9. Qe2 Bg4 10. f3 Bd7 11. O-O Rc8 12. b3 Re8 13. Bb2 Be6 14. Nd5 Bxd5 15.
cxd5 Nb8 16. Rac1 Qb6+ 17. Qe3 Qxe3+ 18. Nxe3 Nbd7 19. Nf5 Bf8 20. Bb5 a6 21.
Be2 b5 22. Ne3 Nc5 23. b4 Na4 24. Ba1 Nb6 25. Rc6 Rxc6 26. dxc6 Rc8 27. Rc1 Ne8
28. Bb2 Nc7 29. Kf2 f6 30. Bd1 Be7 31. Bb3+ Kf8 32. Nd5 Nbxd5 33. exd5 f5 34. g3
Bf6 35. Rc2 Re8 36. Re2 g6 37. f4 h6 38. fxe5 Bxe5 39. Bxe5 Rxe5 40. Rxe5 dxe5
41. d6 1-0

[Event "AUTO-OPEN-1719"]
[Site "http://www.queenalice.com/game.php?id=665744"]
[Date "2009.10.11"]
[Round "1"]
[White "callende"]
[Black "jonamendall"]
[Result "0-1"]
[WhiteElo "1913"]
[BlackElo "1905"]

1. d4 d5 2. c4 c6 3. Nc3 Nf6 4. Nf3 dxc4 5. e4 b5 6. a4 b4 7. Bxc4 bxc3 8. bxc3
Nxe4 9. Qd3 Nd6 10. Bb3 Ba6 11. c4 e6 12. O-O Be7 13. Re1 O-O 14. Re5 Nf5 15.
Bd2 Bf6 16. Ra5 Nxd4 17. Rd1 Nxb3 18. Qxb3 Qb6 19. Bb4 Be7 20. Ne5 Qxb4 21. Qxb4
Bxb4 22. Rxa6 Nxa6 23. Nxc6 Rfc8 24. Nxb4 Nxb4 25. h3 Rd8 26. Rb1 Rab8 27. Kh2
f5 28. c5 Nd3 0-1

[Event "AUTO-OPEN-1719"]
[Site "http://www.queenalice.com/game.php?id=665745"]
[Date "2009.10.11"]
[Round "1"]
[White "jonamendall"]
[Black "callende"]
[Result "1-0"]
[WhiteElo "1865"]
[BlackElo "1744"]

1. e4 e5 2. Nf3 Nc6 3. Bb5 a6 4. Ba4 f5 5. d4 b5 6. Bb3 h6 7. Nc3 Bb4 8. a3 Ba5
9. O-O Bxc3 10. bxc3 Nf6 11. Nxe5 Nxe5 12. dxe5 Nxe4 13. Qh5+ 1-0

[Event "AUTO-OPEN-1719"]
[Site "http://www.queenalice.com/game.php?id=665762"]
[Date "2009.10.11"]
[Round "1"]
[White "jonamendall"]
[Black "Artking"]
[Result "1-0"]
[WhiteElo "1876"]
[BlackElo "1940"]

1. e4 c5 2. Nf3 a6 3. c3 d6 4. d4 cxd4 5. cxd4 Nf6 6. Bd3 g6 7. O-O Bg7 8. h3 e6
9. Be3 b5 10. Nbd2 Bb7 11. Rc1 Nbd7 12. e5 dxe5 13. dxe5 Nh5 14. Ne4 O-O 15. b3
Nxe5 16. Nxe5 Bxe5 17. Nc5 Bc6 18. Nxe6 Qd5 19. Rxc6 fxe6 20. Rc5 Qd6 21. Qc2
Nf4 22. Bxf4 Rxf4 23. Rc6 Qd7 24. Be4 Raf8 25. Bf3 Bd4 26. Re1 e5 27. Re4 Rxf3
28. gxf3 Qxh3 29. Rg4 Qxf3 30. Rcxg6+ Kh8 31. R6g5 Bxf2+ 32. Kh2 Qf7 33. Qe4 Bd4
34. Rh4 Rc8 35. Rgg4 Qf2+ 36. Qg2 Qxg2+ 37. Rxg2 Be3 38. Rhg4 Bf4+ 39. Kh3 h6
40. Rg6 Rc3+ 41. Kh4 Bg5+ 42. Kg4 a5 43. Ra6 a4 44. Ra5 axb3 45. Rxb5 Rc2 46.
Kh3 bxa2 47. Ra5 Rc3+ 48. Kg4 Kg7 49. Kf5 a1=Q 50. Rxa1 Rc5 51. Ra7+ Kf8 52. Rb2
Ke8 53. Rb8+ Bd8 54. Rh7 Rd5 55. Ke6 1-0

[Event "AUTO-OPEN-1719"]
[Site "http://www.queenalice.com/game.php?id=665763"]
[Date "2009.10.11"]
[Round "1"]
[White "Artking"]
[Black "jonamendall"]
[Result "1/2-1/2"]
[WhiteElo "1868"]
[BlackElo "1865"]

1. d4 d5 2. c4 c6 3. Nc3 Nf6 4. Nf3 dxc4 5. a4 Bf5 6. Ne5 e6 7. f3 Bb4 8. e4
Bxe4 9. Bxc4 Bd5 10. Qb3 Qd6 11. O-O a5 12. Bf4 Qd8 13. Nxd5 Nxd5 14. Bg3 O-O
15. Nd3 Ne3 16. Nxb4 Nxf1 17. Nxc6 Nxc6 18. Rxf1 Qxd4+ 19. Bf2 Qd7 20. Rd1 Qe7
21. Qc2 Ne5 22. Bb5 Rfd8 23. Re1 Qg5 24. Qe4 Rd5 25. f4 Qg4 26. fxe5 Qxe4 27.
Rxe4 Rad8 28. b3 Rd1+ 29. Re1 R8d5 30. Kf1 Rxe1+ 31. Bxe1 Rxe5 32. Bxa5 f5 33.
Kf2 Rc5 34. h4 Kf7 35. Bb4 Re5 36. Bd2 Rc5 37. Bc4 Kf6 38. Kf3 h6 39. g3 g5 40.
h5 e5 41. Bb4 Rc8 42. Bd5 Rc7 43. Bc4 Rc8 44. Bd5 1/2-1/2

[Event "wiking"]
[Site "http://www.queenalice.com/game.php?id=680354"]
[Date "2009.11.9"]
[Round "1"]
[White "alesciulli"]
[Black "jonamendall"]
[Result "0-1"]
[WhiteElo "1971"]
[BlackElo "1931"]

1. e4 e5 2. Nf3 Nc6 3. Bb5 a6 4. Ba4 Nf6 5. O-O Be7 6. Re1 b5 7. Bb3 d6 8. c3
O-O 9. h3 Bb7 10. d4 Re8 11. Nbd2 Bf8 12. a4 Qd7 13. Bc2 Na7 14. b3 c5 15. Bb2
Nh5 16. Nh2 Nf4 17. Ndf1 Qe6 18. d5 Qg6 19. Qf3 Bc8 20. Kh1 bxa4 21. bxa4 Nxd5
22. exd5 Qxc2 23. Re2 Qf5 24. Qg3 Qh5 25. Rae1 Bd7 26. Re4 Be7 27. Qe3 Rab8 28.
Ng3 Qg6 29. Re2 f5 30. Nxf5 Bxf5 31. Rg4 Bxg4 0-1

[Event "wiking"]
[Site "http://www.queenalice.com/game.php?id=704693"]
[Date "2009.12.28"]
[Round "2"]
[White "marcovidica"]
[Black "jonamendall"]
[Result "0-1"]
[WhiteElo "2015"]
[BlackElo "1974"]

1. e4 e5 2. Bc4 Nf6 3. d3 d5 4. exd5 Nxd5 5. Nf3 Nc6 6. Bb5 Bd6 7. Bxc6+ bxc6 8.
c4 Nf4 9. Bxf4 exf4 10. O-O O-O 11. d4 c5 12. d5 Bg4 13. Nbd2 Re8 14. h3 Bh5 15.
a4 a5 16. b3 Qd7 17. Qc1 Rab8 18. Re1 Rxe1+ 19. Qxe1 Re8 20. Qf1 Qf5 21. Qd1 Be5
22. Qe1 f6 23. Qb1 Qxb1+ 24. Rxb1 Bc3 25. Kf1 Kf7 26. Rc1 Bxd2 27. Nxd2 Be2+ 28.
Kg1 Bd3 29. Nf3 Be4 30. Ne1 Bf5 31. Kf1 g5 32. f3 Rb8 33. Rc3 h5 34. Nd3 Bxd3+
35. Rxd3 Ke7 36. Kf2 Kd6 37. Rc3 Re8 38. Rc1 Re3 39. Rb1 Ke5 40. g4 hxg4 41.
hxg4 Kd4 42. Rb2 Kc3 43. Rb1 Rd3 44. Ke2 Rd2+ 45. Ke1 Rh2 46. Rc1+ Kb2 47. Rd1
Kc2 48. d6 c6 49. b4 Rh1+ 50. Ke2 Rxd1 51. bxc5 Rd4 0-1

[Event "wiking"]
[Site "http://www.queenalice.com/game.php?id=740814"]
[Date "2010.3.4"]
[Round "3"]
[White "jonamendall"]
[Black "wiking"]
[Result "1/2-1/2"]
[WhiteElo "1992"]
[BlackElo "2297"]

1. e4 e5 2. Nf3 f5 3. Nxe5 Nc6 4. d4 Nf6 5. exf5 Qe7 6. Be3 Nxe5 7. dxe5 Qxe5 8.
Nc3 d5 9. Qd2 Bb4 10. O-O-O Bxc3 11. bxc3 Bxf5 12. Bd4 Qd6 13. Bxf6 gxf6 14.
Qxd5 Qxd5 15. Rxd5 Be6 16. Rc5 O-O-O 17. Bc4 Rhe8 18. Re1 Bxc4 19. Rxe8 Rxe8 20.
Rxc4 Re1+ 21. Kb2 Rg1 22. g3 Rg2 23. Rh4 Rxf2 24. Rxh7 Rg2 25. Rh5 Kd7 26. c4 b6
27. Kb3 Kd6 28. a4 c6 29. c3 c5 30. Rh4 Ke5 31. g4 f5 32. gxf5 Kxf5 33. Rh7 a5
34. Rh6 Rg1 35. h4 Rh1 36. Rh8 Kg4 37. Rg8+ Kh5 38. Rb8 Rf1 39. Rh8+ Kg4 40. h5
Rf6 41. Kc2 Rd6 42. h6 1/2-1/2

[Event "AUTO-OPEN-1719"]
[Site "http://www.queenalice.com/game.php?id=748999"]
[Date "2010.3.20"]
[Round "2"]
[White "jonamendall"]
[Black "ezekiel4a21"]
[Result "0-1"]
[WhiteElo "2001"]
[BlackElo "2339"]

1. e4 c5 2. Nf3 Nc6 3. d4 cxd4 4. Nxd4 d6 5. Be3 Nf6 6. Nc3 Qa5 7. Nxc6 bxc6 8.
Bd2 Qb4 9. Nd5 Qxe4+ 10. Ne3 e5 11. Bd3 Qh4 12. O-O d5 13. c4 Bd7 14. cxd5 cxd5
15. Nf5 Qh5 16. Re1 Qxd1 17. Raxd1 e4 18. Ng3 h5 19. h4 Be7 20. Bc2 Be6 21. Bc3
O-O-O 22. Rc1 Kb7 23. Bd4 Rc8 24. Re3 Rc4 25. Rb3+ Ka8 26. Ne2 Rhc8 27. Bc3 Ng4
28. Nd4 Bc5 29. Nxe6 Bxf2+ 30. Kf1 fxe6 31. Bd1 e3 32. Be2 Nh2# 0-1

[Event "AUTO-OPEN-1719"]
[Site "http://www.queenalice.com/game.php?id=749000"]
[Date "2010.3.20"]
[Round "2"]
[White "ezekiel4a21"]
[Black "jonamendall"]
[Result "1-0"]
[WhiteElo "2326"]
[BlackElo "2004"]

1. e4 e5 2. Bc4 Nc6 3. a4 Nf6 4. d3 h6 5. c3 d6 6. Qb3 Qe7 7. Na3 Na5 8. Qb5+
Nc6 9. Ba2 a6 10. Qb3 Na5 11. Qc2 Be6 12. b4 Bxa2 13. Rxa2 Nc6 14. b5 Na5 15. c4
c5 16. Ne2 b6 17. O-O Qd7 18. f4 exf4 19. Nxf4 Be7 20. Rf3 Ng4 21. Nd5 Ne5 22.
Nxb6 Nxf3+ 23. gxf3 Qb7 24. Nxa8 Qxa8 25. Qc3 Qd8 26. Bd2 Nb7 27. bxa6 Bf6 28.
Qb3 Na5 29. Qb5+ Ke7 30. Bxa5 Qa8 31. Bc7 1-0

[Event "wiking"]
[Site "http://www.queenalice.com/game.php?id=761075"]
[Date "2010.4.14"]
[Round "4"]
[White "jonamendall"]
[Black "carlos81"]
[Result "1-0"]
[WhiteElo "1999"]
[BlackElo "1975"]

1. e4 c5 2. Nf3 d6 3. d4 Nf6 4. Nc3 cxd4 5. Nxd4 Nc6 6. Bg5 e6 7. Qd2 Be7 8.
O-O-O O-O 9. Nb3 Qb6 10. f3 Rd8 11. h4 a5 12. Be3 Qc7 13. Nb5 Qd7 14. Qc3 Nb4
15. Kb1 d5 16. Bb6 a4 17. Nc5 Bxc5 18. Qxc5 Na6 19. Qe3 Rf8 20. e5 Ne8 21. h5
Nb4 22. Bc5 Nc7 23. Bxb4 Nxb5 24. Bxf8 Kxf8 25. Qc5+ 1-0

[Event "AUTO-OPEN-2038"]
[Site "http://www.queenalice.com/game.php?id=802486"]
[Date "2010.7.12"]
[Round "1"]
[White "zemorais"]
[Black "jonamendall"]
[Result "0-1"]
[WhiteElo "1679"]
[BlackElo "2030"]

1. e4 e5 2. Nf3 Nc6 3. Bb5 a6 4. Ba4 Nf6 5. d3 Bc5 6. O-O b5 7. Bb3 d6 8. Bg5
Be6 9. Bxe6 fxe6 10. Nbd2 h6 11. Bh4 O-O 12. c3 Qd7 13. Nb3 Bb6 14. a4 Ne7 15.
Nbd2 c5 16. axb5 Qxb5 17. Nc4 Bc7 18. Na3 Qd7 19. Nc4 Ng6 20. Bxf6 Rxf6 21. Qd2
d5 22. exd5 exd5 23. Ne3 Qf7 24. b4 e4 25. dxe4 dxe4 26. Ne1 Kh8 27. bxc5 Nh4
28. Ng4 Rg6 29. Ne3 Rd8 30. Qa2 Qxa2 31. Rxa2 Rc6 32. N1c2 a5 33. Nd4 Rg6 34. c4
Rxd4 35. Rb2 Rxc4 36. Nxc4 Rxg2+ 37. Kh1 Rxh2+ 38. Kg1 Nf3# 0-1

[Event "AUTO-OPEN-2038"]
[Site "http://www.queenalice.com/game.php?id=802487"]
[Date "2010.7.12"]
[Round "1"]
[White "jonamendall"]
[Black "zemorais"]
[Result "1-0"]
[WhiteElo "2014"]
[BlackElo "1774"]

1. e4 c5 2. Nf3 Nc6 3. d4 cxd4 4. Nxd4 e5 5. Nb5 Nf6 6. N1c3 Bb4 7. Nd6+ Bxd6 8.
Qxd6 Ne7 9. Bg5 h6 10. Bxf6 gxf6 11. Qxf6 Rg8 12. Qxe5 Rg5 13. Qh8+ Rg8 14. Qxh6
b6 15. O-O-O Bb7 16. Bb5 Rg6 17. Qh8+ Ng8 18. Rxd7 Qxd7 19. Bxd7+ Kxd7 20. Rd1+
Ke6 21. Qh3+ Kf6 22. Rd6+ Kg7 23. Rxg6+ fxg6 24. Qd7+ Kh6 25. Qxb7 1-0

[Event "AUTO-OPEN-2038"]
[Site "http://www.queenalice.com/game.php?id=802510"]
[Date "2010.7.12"]
[Round "1"]
[White "jonamendall"]
[Black "RIVAS"]
[Result "1/2-1/2"]
[WhiteElo "2028"]
[BlackElo "2199"]

1. e4 c5 2. Nf3 Nc6 3. d4 cxd4 4. Nxd4 e6 5. Nc3 d6 6. f4 Nf6 7. Be3 Be7 8. Qf3
Bd7 9. O-O-O O-O 10. g4 Nxd4 11. Bxd4 e5 12. g5 Bg4 13. Qd3 Bxd1 14. gxf6 Bxc2
15. Kxc2 Bxf6 16. Be3 a6 17. Nd5 Rc8+ 18. Kb1 Rc6 19. Qb3 exf4 20. Bxf4 b5 21.
Qg3 Kh8 22. Bd3 Be5 23. Bxe5 dxe5 24. Qxe5 Qd6 25. Qxd6 Rxd6 26. Kc2 f5 27. Rf1
Rdd8 28. Kc3 fxe4 29. Rxf8+ Rxf8 30. Bxe4 Rf2 31. h3 Rh2 32. Bf5 g6 33. Bc8 a5
34. a3 Rf2 1/2-1/2

[Event "AUTO-OPEN-2038"]
[Site "http://www.queenalice.com/game.php?id=802511"]
[Date "2010.7.12"]
[Round "1"]
[White "RIVAS"]
[Black "jonamendall"]
[Result "1-0"]
[WhiteElo "2163"]
[BlackElo "2039"]

1. c4 e5 2. Nc3 Nf6 3. g3 Bc5 4. Nf3 Nc6 5. Bg2 O-O 6. d3 h6 7. O-O d6 8. e3 Bg4
9. Qb3 Na5 10. Qc2 a6 11. a3 Nc6 12. b4 Ba7 13. Bb2 Ne7 14. d4 exd4 15. Nxd4 c6
16. Nce2 d5 17. c5 Ne4 18. f3 Nxg3 19. hxg3 Bh5 20. e4 Bg6 21. Nf5 dxe4 22. fxe4
Bb8 23. Rad1 Qc7 24. Nd6 Rd8 25. Nf4 b6 26. Qc3 f6 27. Ne6 Qd7 28. Nxd8 1-0

[Event "AUTO-OPEN-2038"]
[Site "http://www.queenalice.com/game.php?id=802512"]
[Date "2010.7.12"]
[Round "1"]
[White "jonamendall"]
[Black "Fischercat"]
[Result "1-0"]
[WhiteElo "2020"]
[BlackElo "1877"]

1. e4 e5 2. Nf3 Nc6 3. Bb5 a6 4. Ba4 d6 5. c3 Bd7 6. O-O Nf6 7. Re1 b5 8. Bb3
Be7 9. d4 O-O 10. Nbd2 Qc8 11. Nf1 Be6 12. d5 1-0

[Event "AUTO-OPEN-2038"]
[Site "http://www.queenalice.com/game.php?id=802513"]
[Date "2010.7.12"]
[Round "1"]
[White "Fischercat"]
[Black "jonamendall"]
[Result "0-1"]
[WhiteElo "1803"]
[BlackElo "2032"]

1. e4 e5 2. Nf3 Nc6 3. Bb5 a6 4. Bc4 Nf6 5. Ng5 d5 6. exd5 Na5 7. d3 b5 8. Bb3
Nxb3 9. axb3 Qxd5 10. O-O Bb7 11. Nf3 Qe6 12. Re1 Bd6 13. Bf4 Nd7 14. d4 f6 15.
Nc3 O-O 16. Qd3 e4 17. Nxe4 Bxf4 18. Neg5 Qxe1+ 19. Rxe1 fxg5 20. d5 Rae8 21.
Rxe8 Rxe8 22. g3 Ne5 23. Nxe5 Bxe5 24. Qe4 Re7 25. f4 gxf4 26. gxf4 Bf6 27. Qd3
Bxb2 28. c3 Bc1 29. d6 cxd6 30. Qxd6 Kf7 31. f5 Bg5 32. Qg3 Bf6 33. Qh3 h6 34.
Kf1 Rc7 35. c4 bxc4 36. bxc4 Rxc4 37. Qb3 Bd5 38. Qb6 Rf4+ 39. Ke2 Rxf5 40. Qxa6
g5 41. Qc8 Re5+ 42. Kd2 Kg6 43. Qc1 g4 0-1